Resoluciones aprobadas por el III Congreso del Partido Comunista de Cuba

Expone, detalladamente, cada una de las resoluciones tomadas durante el II Congreso del Partido Comunista de Cuba, realizado en los días del 4 al 7 de febrero de 1986. Tales resoluciones se refieren a: el proyecto de Programa del Partido Comunista de Cuba, el perfeccionamiento de la división polític...

Descrizione completa

Salvato in:
Dettagli Bibliografici
Ente Autore: Partido Comunista de Cuba
Natura: testo
Pubblicazione: La Habana: Editora Política
Soggetti:
Tags: Aggiungi Tag
Nessun Tag, puoi essere il primo ad aggiungerne!!

MARC

LEADER 00000 a a2200000 04500
001 13454
003
040
090 |a 017500  
110 |a Partido Comunista de Cuba  
245 |a Resoluciones aprobadas por el III Congreso del Partido Comunista de Cuba  
260 |a La Habana:   |b Editora Política  
300 |a 74 p.  
520 |a Expone, detalladamente, cada una de las resoluciones tomadas durante el II Congreso del Partido Comunista de Cuba, realizado en los días del 4 al 7 de febrero de 1986. Tales resoluciones se refieren a: el proyecto de Programa del Partido Comunista de Cuba, el perfeccionamiento de la división político-administrativa de Cuba, los lineamientos económicos y sociales para el quinquenio 1986-1990, el perfeccionamiento del sistema de dirección y planificación de la economía y sobre la política internacional. EML/mb  
650 |a CONFERENCIAS  
650 |a INFORMES DE REUNION  
650 |a ASPECTOS ADMINISTRATIVOS  
650 |a ASPECTOS POLITICOS  
650 |a ASPECTOS ECONOMICOS  
650 |a POLITICA INTERNACIONAL  
999 |c 8007  |d 8007